Технология машиностроения: учебник для вузов

Bibliographic Details
Main Author: Суслов А. Г. Анатолий Григорьевич
Summary:Рассмотрены типовые технологии изготовления различных деталей машин и сборки соединений. Основное внимание уделено технологическому обеспечению качества деталей машин при их изготовлении и восстановлении. Изложен научный подход к совершенствованию существующих и созданию новых технологических методов обработки деталей машин и наукоемких технологий в машиностроении. Впервые дана глава по электронным и нанотехнологиям в машиностроении. Соответствует Федеральному государственному образовательному стандарту высшего профессионального образования третьего поколения. Для студентов бакалавриата и магистратуры, обучающихся по направлению подготовки бакалавров и специалистов «Конструкторско-технологическое обеспечение машиностроительных производств».
Language:Russian
Published: Москва, КноРус, 2013
Series:Бакалавриат и магистратура
Subjects:
Format: Book
KOHA link:https://koha.lib.tpu.ru/cgi-bin/koha/opac-detail.pl?biblionumber=248060

MARC

LEADER 00000nam0a2200000 4500
001 248060
005 20231101232343.0
010 |a 9785406008188 
035 |a (RuTPU)RU\TPU\book\269725 
035 |a RU\TPU\book\125401 
090 |a 248060 
100 |a 20070515d2013 m y0rusy50 ca 
101 0 |a rus 
102 |a RU 
105 |a a j 001zy 
200 1 |a Технология машиностроения  |e учебник для вузов  |f А. Г. Суслов 
210 |a Москва  |c КноРус  |d 2013 
215 |a 336 с.  |c ил. 
225 1 |a Бакалавриат и магистратура 
320 |a Список рекомендуемой литературы: с. 335-336. 
330 |a Рассмотрены типовые технологии изготовления различных деталей машин и сборки соединений. Основное внимание уделено технологическому обеспечению качества деталей машин при их изготовлении и восстановлении. Изложен научный подход к совершенствованию существующих и созданию новых технологических методов обработки деталей машин и наукоемких технологий в машиностроении. Впервые дана глава по электронным и нанотехнологиям в машиностроении. Соответствует Федеральному государственному образовательному стандарту высшего профессионального образования третьего поколения. Для студентов бакалавриата и магистратуры, обучающихся по направлению подготовки бакалавров и специалистов «Конструкторско-технологическое обеспечение машиностроительных производств». 
606 1 |a Технология машиностроения  |2 stltpush  |3 (RuTPU)RU\TPU\subj\60151  |9 77640 
610 1 |a машиностроение 
610 1 |a детали 
610 1 |a изготовление 
610 1 |a изделия 
610 1 |a сборка 
610 1 |a долговечность 
610 1 |a повышение 
610 1 |a наукоемкие технологии 
610 1 |a обработка 
610 1 |a технологические методы 
610 1 |a совершенствование 
610 1 |a нанотехнологии 
610 1 |a электронные технологии 
610 1 |a восстановление 
610 1 |a учебники 
610 1 |a технология 
675 |a 621.002(075.8)  |v 3 
700 1 |a Суслов  |b А. Г.  |g Анатолий Григорьевич 
801 1 |a RU  |b 63413507  |c 20140117 
801 2 |a RU  |b 63413507  |c 20211125  |g RCR 
900 |a Технология машиностроительного производства 
900 |a Конструкторско-технологическое обеспечение производства 
942 |c BK 
951 |b 150700  |b 151000  |l 8.1  |l 8.3 
959 |a 5/20140116  |d 5  |e 670,00  |f ЧЗТЛ:1  |f АНЛ:1  |f УФ:3 
959 |a 55/20150420  |d 15  |e 670,00  |f УФ:15